| 000 | 00397nam a2200145Ia 4500 | ||
|---|---|---|---|
| 008 | 230917s9999||||xx |||||||||||||| ||und|| | ||
| 040 |
_e5015509 _aMAIN |
||
| 041 | _aEnglish | ||
| 082 | _a338.4791 B512U | ||
| 100 | _aBindu | ||
| 245 | 0 | _aUsefulness of online travel reviews: A content analysis of tourists reviews about Himachal Pradesh | |
| 260 | _c2022 | ||
| 300 | _axv, 268 p. | ||
| 942 | _cBK | ||
| 999 |
_c10725 _d10725 |
||